|
|
|
|
| LEADER |
00000nam0a2200000 4500 |
| 001 |
322782 |
| 005 |
20231102003515.0 |
| 035 |
|
|
|a (RuTPU)RU\TPU\book\348340
|
| 090 |
|
|
|a 322782
|
| 100 |
|
|
|a 20161004d1937 km y0rusy50 ca
|
| 101 |
0 |
|
|a rus
|
| 102 |
|
|
|a RU
|
| 105 |
|
|
|a a z 001zy
|
| 200 |
1 |
|
|a Из практики взрывных работ
|e сборник статей
|f Государственный Всесоюзный трест по производству буровых и взрывных работ ; отв. ред. Г.П. Демидюк
|
| 210 |
|
|
|a Москва
|a Ленинград
|c Главная редакция горно-топливной литературы
|d 1937
|
| 215 |
|
|
|a 116 с.
|c ил.
|
| 225 |
1 |
|
|a Взрывное дело
|
| 320 |
|
|
|a Библиогр.: с. 74-110
|
| 320 |
|
|
|a Указатель статей: с. 112-115
|
| 606 |
1 |
|
|a Взрывное дело
|2 stltpush
|3 (RuTPU)RU\TPU\subj\2379
|9 30955
|
| 610 |
1 |
|
|a Кривой Рог
|
| 610 |
1 |
|
|a шахты
|
| 610 |
1 |
|
|a проходка
|
| 610 |
1 |
|
|a горизонтальные выработки
|
| 610 |
1 |
|
|a массовое обрушение
|
| 610 |
1 |
|
|a взрывы
|
| 610 |
1 |
|
|a подземные работы
|
| 675 |
|
|
|a 622.235
|v 4
|
| 702 |
|
1 |
|a Демидюк
|b Г.П.
|4 340
|
| 712 |
0 |
2 |
|a Государственный Всесоюзный трест по производству буровых и взрывных работ
|2 stltpush
|3 (RuTPU)RU\TPU\col\26819
|9 28609
|
| 801 |
|
1 |
|a RU
|b 63413507
|c 20161004
|
| 801 |
|
2 |
|a RU
|b 63413507
|c 20191217
|g RCR
|
| 942 |
|
|
|c BK
|